000
00308 a2200157 4500
001
58013
020
_a
040
_c
Anchieta - Pituba
100
_a
Karlfeldt, Erik Axel
240
1
0
_a
Poesias
_l
por
245
1
0
_a
Poesias
300
_a
240
362
0
_a
1971
650
4
_a
Literatura sueca
942
_c
BK
999
_c
58013
_d
58013